00691nam a2200241Ia 450000500170000000800460001703700110006304000080007404000080008204000080009004100080009804100080010608400080011410000460012224500860016826000090025430000080026365000080027170000540027994200070033399900210034095200880036120260430150302.0008 250103s9999 xx 000 0 eng d aTheses aCRL beng ceng 2eng aeng qCRL aNazim Akbar Au.; Chawla Alka Gu.91237030 0aPharmaceutical Patents in India: A Critical Analysis Public and Private Interests c2023 a349 aLaw aUniversity of Delhi. Faculty of Law. Deptt of Law cTH c1849417d1849417 00104070aCRLbCRLd2026-04-30l0pTH0026738r2026-04-30 15:03:02w2026-04-30yTH